| 000 | 004710000a22001930004500 | ||
|---|---|---|---|
| 003 | LK-CoMWRAF | ||
| 005 | 20230901140919.0 | ||
| 008 | 230817t1993 ||||| |||| 00| 0 eng d | ||
| 020 | _a8185944598 | ||
| 040 |
_aLK-CoMWRAF _dLK-CoMWRAF _eLK-CoMWRAF |
||
| 041 | _aeng | ||
| 082 |
_a892.78 _bGIB |
||
| 100 | _aGibran, Kahlil | ||
| 245 | _aTears and laughter | ||
| 260 |
_bUSB Publishers : _aNew Delhi (India), _c1993 |
||
| 300 | _a100p | ||
| 650 | _aIslam | ||
| 942 | _cBK | ||
| 999 |
_c1630 _d1630 |
||